000 01417cam a22003254a 4500
999 _c330884
_d330884
001 14070588
003 NUST
005 20180117090027.0
008 050810s2007 caua b 001 0 eng
010 _a 2005932100
020 _a0495093254
040 _aDLC
_cDLC
_dDLC
050 0 0 _aH62
_b.B2 2007
082 0 0 _a001.42 BAB
_222
100 1 _aBabbie, Earl R.
_94014
245 1 4 _aThe practice of social research /
_cEarl Babbie.
250 _a11th ed.
260 _aBelmont, CA :
_bThomson Wadsworth,
_cc2007.
300 _axxiv, 511, [66] p. :
_bill. ;
_c24 cm.
504 _aIncludes bibliographical references and index.
650 0 _aSocial sciences
_xResearch.
_93653
650 0 _aSocial sciences
_xMethodology.
_91585
856 4 2 _3Contributor biographical information
_uhttp://www.loc.gov/catdir/enhancements/fy1515/2005932100-b.html
856 4 2 _3Publisher description
_uhttp://www.loc.gov/catdir/enhancements/fy1515/2005932100-d.html
856 4 1 _3Table of contents only
_uhttp://www.loc.gov/catdir/enhancements/fy1515/2005932100-t.html
906 _a7
_bcbc
_corignew
_d2
_eepcn
_f20
_gy-gencatlg
942 _2ddc
_cBK